| 000 | 00495nam a2200133Ia 4500 | ||
|---|---|---|---|
| 008 | 171212s9999 xx 000 0 und d | ||
| 020 | _a9780833029980 | ||
| 100 | _aOliker, Olga | ||
| 245 |
_cOliker, Olga _aRussia's Chechen Wars 1994-2000 _bLessons from Urban Combat |
||
| 260 |
_bRAND Corporation _c2001 |
||
| 650 | _aChechnëì (Russia) -- History -- Civil War, 1994–; Urban warfare -- Russia (Federation) -- Chechnëì | ||
| 650 | _aHistory | ||
| 856 | _uwww.jstor.org/stable/10.7249/mr1289a | ||
| 999 |
_c352511 _d352511 |
||